LEADER 01021nam a2200241 i 4500 001 000000091899 003 CaOOAMICUS 005 20151130000000.0 008 151130s1884 it u000 u ita u 013 $a64141 040 $aSeMil$bita 100 1 $aBelcari, Feo,$d<1410-1484>.$0(OLS)http://semarc/name/40971 245 10$aVita del b. Giovanni Colombini /$ccomposta per Feo Belcari. 250 $aEd. 3. 260 $aTorino :$bTipografia e Libreria Salesiana,$c1884. 300 $a286 p. ;$c14 cm. 490 0 $aBiblioteca della gioventù italiana ;$v62 600 14$aColombini, Giovanni .$0(OLS)http://semarc/subject/16708 830 0$aBiblioteca della gioventù italiana ;$v62.$0(OLS)http://semarc/title/35578 850 $aSeMil 852 $aSeMil$W1$xVenegono$y1$m3J I 70 FA$j54847$B54847$CSeMilBibl$Z2$F59500 $8I 996 $6245$aVita del b. Giovanni Colombini$9(OLS)http://semarc/title/138067 996 $6260$aTorino :$bTipografia e Libreria Salesiana$9(OLS)http://semarc/publisher/36803 LEADER 01415nam a2200301 i 4500 001 000000360364 003 CaOOAMICUS 005 20241017144434.0 008 241017s1994 gw m u000 u ger u 020 $a3-88479-943-6 040 $aSeMil$bita 100 1 $aJoisten, Karen,$d<1962- >.$0(OLS)http://semarc/name/120736 245 14$aDie Überwindung der Anthropozentrizität durch Friedrich Nietzsche /$cKaren Joisten. 264 1$aWürzburg :$bKönigshausen & Neumann,$c1994. 300 $a327 p. ;$c24 cm. 490 1 $aEpistemata. Reihe Philosophie ;$v155 502 $aTesto rivisto della tesi, Università di Mainz, 1993 504 $aBibliographie, p. 314-327 600 14$aNietzsche, Friedrich <1844-1900>.$0(OLS)http://semarc/subject/638 650 4$aNietzsche, Friedrich <1844-1900> - Tema [del] Superuomo.$0(OLS)http://semarc/subject/56517 830 0$aEpistemata. Reihe Philosophie ;$v155.$0(OLS)http://semarc/title/17121 850 $aSeMil 852 $aSeMil$W1$xVenegono$y1$m2P V 682$j251791$B251387$CSeMilBibl$Z2$F251387 $81 961 $aBuzzi mons. Franco - Omaggio 996 $6020$a3-88479-943-6$9(OLS)http://semarc/number/301576 996 $6245$aDie Überwindung der Anthropozentrizität durch Friedrich Nietzsche$9(OLS)http://semarc/title/450860 996 $6264$aWürzburg :$bKönigshausen & Neumann$9(OLS)http://semarc/publisher/33545